| 000 | 00666nam a2200205Ia 4500 | ||
|---|---|---|---|
| 001 | 3258 | ||
| 003 | GE_BSU | ||
| 008 | 181216s||||||||xx |||||||||||||| ||und|| | ||
| 040 | _cGE_BSU | ||
| 080 | _a662.5/.7(075.8)+550.8(075.8) | ||
| 100 | _aЖданов,M.A. | ||
| 245 | _aНефтегазопромысловая геология и подсчет запасов нефти и газа. | ||
| 245 | _bУчебник. | ||
| 260 | _aМ. | ||
| 260 | _bНедра. | ||
| 260 | _c1970. | ||
| 300 | _a488 стр. 20 см. | ||
| 653 | _aНефтегазопромысловая геология и подсчет запасов нефти и газа. | ||
| 942 | _cBK | ||
| 999 |
_c37299 _d37299 |
||